Maintaining community in the information age : The importance of trust, place and situated knowledge
By exploring the experiences of community activists and organizations working with information and communication technology (ICT) to build communities, this book offers a grounded and informed study of the role ICT plays in people's lives. The author emphasizes the importance of networks built...
Đã lưu trong:
| Hovedforfatter: | |
|---|---|
| Format: | Bog |
| Sprog: | Undetermined |
| Udgivet: |
New York, N.Y.
Palgrave Macmillan
2004
|
| Fag: | |
| Tags: |
Tilføj Tag
Ingen Tags, Vær først til at tagge denne postø!
|
| Thư viện lưu trữ: | Trung tâm Học liệu Trường Đại học Cần Thơ |
|---|
| LEADER | 01205nam a2200229Ia 4500 | ||
|---|---|---|---|
| 001 | CTU_116471 | ||
| 008 | 210402s9999 xx 000 0 und d | ||
| 020 | |c 902000 | ||
| 082 | |a 303.4833 | ||
| 082 | |b E92 | ||
| 100 | |a Evans, Karen F. | ||
| 245 | 0 | |a Maintaining community in the information age : | |
| 245 | 4 | |b The importance of trust, place and situated knowledge | |
| 245 | 0 | |c Karen F. Evans | |
| 260 | |a New York, N.Y. | ||
| 260 | |b Palgrave Macmillan | ||
| 260 | |c 2004 | ||
| 520 | |a By exploring the experiences of community activists and organizations working with information and communication technology (ICT) to build communities, this book offers a grounded and informed study of the role ICT plays in people's lives. The author emphasizes the importance of networks built around trust, shared spaces and local knowledge bases in the formation of significant relationships in contemporary Western societies. | ||
| 650 | |a Community life,Communities,Electronic villages (computer networks),Internet,Globalization,Information society | ||
| 650 | |x Technological innovations,Social aspects,Social aspects | ||
| 904 | |i Hiếu | ||
| 980 | |a Trung tâm Học liệu Trường Đại học Cần Thơ | ||